01317nam a2200313 a 4500001001200000003000800012006001900020007001500039008004100054020001800095020002700113040002100140035002100161050002600182100002200208245024100230260005800471300002400529500002000553533015200573630002700725650002600752655002900778700001800807700001800825710001700843856012600860999001700986ebr10675238CaPaEBRm u cr cn|||||||||130326s2013 enka s 001 0 eng d z9781849687409 z9781849687416 (e-book) aCaPaEBRcCaPaEBR a(OCoLC)84116990314aQA76.9.D3bP37 2013eb1 aPapde, Dhananjay.10aOracle Enterprise Manager 12c administration cookbookh[electronic resource] :bover 50 practical recipes to install, configure, and monitor your Oracle setup using Oracle Enterprise Manager /cDhananjay Papde, Tushar Nath, Vipul Patel. aBirmingham [England] :bPackt Pub./Enterprise,c2013. aiii, 306 p. :bill. aIncludes index. aElectronic reproduction.bPalo Alto, Calif. :cebrary,d2013.nAvailable via World Wide Web.nAccess may be limited to ebrary affiliated libraries.00aOracle (Computer file) 0aRelational databases. 7aElectronic books.2local1 aNath, Tushar.1 aPatel, Vipul.2 aebrary, Inc.40uhttp://site.ebrary.com/lib/rucke/Doc?id=10675238zAn electronic book accessible through the World Wide Web; click to view c57903d57903